000 00182 a2200097 4500
020 _a9780673758668
041 _aspa
100 _aParks, Anita
245 _a
942 _cBK
999 _c31935
_d31933